Mercado Comn︢ y patente nacional agotamiento comunitario y proteccin̤ territorial /

Bibliographic Details
Main Author: Massaguer, Još
Format: Unknown
Language:Spanish
Published: Barcelona : Bosch, 1988
Subjects:
Online Access:Acceso restringido

MARC

LEADER 00000ny a22000003n 4500
005 20110617115442.0
008 960116s1988 sp s 0 0 0 spa c
017 |a Z2346-1988 
020 |a 847698054X 
035 |a 1166 
040 |a UMA.CEE  |d vLex 
040 |a UMA.RE  |d vLex 
080 |a 347.77(4-672CE) 
090 |c 812  |d 812 
100 1 |a Massaguer, Još 
245 1 0 |a Mercado Comn︢ y patente nacional  |h [Recurso electrn̤ico]  |b agotamiento comunitario y proteccin̤ territorial /  |c Jos ̌Massaguer 
256 |a Servicio en ln̕ea 
260 |a Barcelona :  |b Bosch,  |c 1988 
300 |a 463 P. ;  |c 24 cm 
504 |a Bibliogr.: p. 31-51 
506 1 |a Contenido solo disponible en los productos indicados  |d vLex Global  |d vLex Global (Academic Edition, excluding Law Schools)  |d vLex Global (U.S. Academic Edition, Law Schools)  |d vLex Global (U.S. Academic Edition, excluding Law Schools)  |d vLex Global (Academic Edition, Law Schools) 
650 0 7 |a Propiedad industrial  |2 Tesauro vLex 
650 0 7 |a Civil  |2 Tesauro vLex 
650 0 7 |a Patentes  |2 Tesauro vLex 
650 0 7 |a Derecho internacional privado  |2 Tesauro vLex 
740 0 |a vLex Libros (Servicios en ln̕ea) 
856 4 0 |u http://vlex.com/source/1166  |z Acceso restringido 
942 |c BOOK 
999 0 |a Civil Law   |b Barcelona